[Event "EST-chT"]
[Site "Parnu"]
[Date "2002.03.10"]
[Round "5"]
[White "Sepp, Olav"]
[Black "Vetemaa, Juri"]
[Result "1-0"]
[WhiteElo "2460"]
[BlackElo "2280"]
[PlyCount "31"]
[EventDate "2002.03.08"]
[EventType "team-tourn"]
[EventRounds "10"]
[EventCountry "EST"]
[SourceTitle "CBM 087 Extra"]
[Source "ChessBase"]
[SourceDate "2002.05.03"]
[SourceVersion "2"]
[SourceVersionDate "2002.08.09"]
[SourceQuality "1"]

1. e4 c5 2. d3 Nc6 3. g3 e6 4. Bg2 d5 5. Nd2 Nf6 6. Ngf3 Be7 7. 0-0 b6 8. Re1 Bb7 9. c3 Qc7 10. Nf1 0-0-0 11. Qc2 d4 12. cxd4 cxd4 13. Bf4 Qd7 14. Ne5 Qe8 15. Rec1 Rd6 16. b4 1-0

[Event "EST-chT"]
[Site "Parnu"]
[Date "2002.03.09"]
[Round "3"]
[White "Leito, Priit"]
[Black "Vetemaa, Juri"]
[Result "1-0"]
[WhiteElo "2339"]
[BlackElo "2280"]
[PlyCount "39"]
[EventDate "2002.03.08"]
[EventType "team-tourn"]
[EventRounds "10"]
[EventCountry "EST"]
[SourceTitle "CBM 087 Extra"]
[Source "ChessBase"]
[SourceDate "2002.05.03"]
[SourceVersion "2"]
[SourceVersionDate "2002.08.09"]
[SourceQuality "1"]

1. e4 c5 2. Nf3 d6 3. d4 cxd4 4. Nxd4 Nf6 5. Nc3 a6 6. f3 e6 7. Be3 Qc7 8. Qd2 b5 9. g4 h6 10. 0-0-0 Bb7 11. h4 Nbd7 12. Bh3 Ne5 13. g5 hxg5 14. hxg5 Nfd7 15. Bxe6 Rxh1 16. Bxd7+ Kxd7 17. Rxh1 b4 18. Na4 Nc4 19. Qd3 Be7 20. Qxc4 1-0

[Event "EST-chT"]
[Site "Parnu/Tallinn"]
[Date "2001.04.06"]
[Round "?"]
[White "Narva, Jaan"]
[Black "Vetemaa, Juri"]
[Result "1/2-1/2"]
[WhiteElo "2317"]
[BlackElo "2288"]
[PlyCount "65"]
[EventDate "2001.04.06"]
[EventType "team"]
[EventRounds "8"]
[EventCountry "EST"]
[SourceTitle "CBM 081 Extra"]
[Source "ChessBase"]
[SourceDate "2001.05.06"]
[SourceVersion "1"]
[SourceVersionDate "2001.05.06"]
[SourceQuality "1"]

1. d4 Nf6 2. Nf3 g6 3. c4 Bg7 4. Nc3 0-0 5. e4 d6 6. Be2 e5 7. 0-0 Nh5 8. dxe5 dxe5 9. Qxd8 Rxd8 10. Bg5 f6 11. Rfd1 Re8 12. Be3 c6 13. g3 Bf8 14. a3 Be6 15. b4 a5 16. c5 Na6 17. Rdb1 axb4 18. axb4 Nc7 19. Ra5 Ng7 20. Nd2 Rxa5 21. bxa5 Bc8 22. Rb6 Na8 23. Bc4+ Ne6 24. Bxe6+ Rxe6 25. Rb1 Nc7 26. Nc4 Re8 27. Nd6 Bxd6 28. cxd6 Na6 29. Na4 Rd8 30. Rd1 Be6 31. Bb6 Rd7 32. Nc5 Nxc5 33. Bxc5 1/2-1/2

[Event "Vantaa We Remi op"]
[Site "Vantaa"]
[Date "2001.??.??"]
[Round "4"]
[White "Vetemaa, Juri"]
[Black "Molander, Riku"]
[Result "1/2-1/2"]
[WhiteElo "2288"]
[BlackElo "2314"]
[PlyCount "39"]
[EventDate "2001.??.??"]
[EventType "swiss"]
[EventRounds "5"]
[EventCountry "FIN"]
[SourceTitle "EXT 2002"]
[Source "ChessBase"]
[SourceDate "2001.11.25"]
[SourceVersion "1"]
[SourceVersionDate "2001.11.25"]
[SourceQuality "1"]

1. e4 e5 2. Nf3 Nf6 3. Nc3 Nc6 4. d4 Bb4 5. Nxe5 0-0 6. Bg5 h6 7. Bh4 g5 8. Bg3 Nxe4 9. Qd3 d5 10. f3 Bxc3+ 11. bxc3 Nxg3 12. hxg3 Qf6 13. Nxc6 bxc6 14. Qd2 Re8+ 15. Kf2 Bf5 16. Bd3 Bxd3 17. Qxd3 Re6 18. Rhe1 Rae8 19. Rxe6 Qxe6 20. Qd2 1/2-1/2

[Event "FIN-chT1A 0001"]
[Site "Finland"]
[Date "2000.11.??"]
[Round "2.1"]
[White "Laato, Antti"]
[Black "Vetemaa, Juri"]
[Result "1/2-1/2"]
[WhiteElo "2223"]
[BlackElo "2287"]
[PlyCount "59"]
[EventDate "2000.11.??"]
[EventType "team-tourn"]
[EventRounds "7"]
[EventCountry "FIN"]
[SourceTitle "EXT 2022"]
[Source "ChessBase"]
[SourceDate "2021.10.06"]
[SourceVersion "1"]
[SourceVersionDate "2021.10.06"]
[SourceQuality "1"]
[WhiteTeam "Turku SY"]
[BlackTeam "Pori PSY"]
[WhiteTeamCountry "FIN"]
[BlackTeamCountry "FIN"]

1. e4 c5 2. Nf3 d6 3. d4 cxd4 4. Nxd4 Nf6 5. Nc3 a6 6. Be3 e5 7. Nf3 Be6 8. Be2 Be7 9. 0-0 0-0 10. h3 Nbd7 11. Ng5 b5 12. Nxe6 fxe6 13. a3 Rc8 14. f4 exf4 15. Bxf4 Ne5 16. Kh1 Nfd7 17. Qd2 Rc6 18. Na2 Nc4 19. Bxc4 bxc4 20. Be3 Nc5 21. Rxf8+ Qxf8 22. Qd4 Qf6 23. Qxc4 Qxb2 24. Bd4 Qb5 25. Qxb5 axb5 26. Nc3 Na4 27. Nxb5 Rxc2 28. Rb1 Rc4 29. Rb4 Rxb4 30. axb4 1/2-1/2

[Event "Keres Memorial 25th"]
[Site "Vancouver"]
[Date "2000.05.18"]
[Round "6"]
[White "Jimenez Molina, Juan Leon"]
[Black "Vetemaa, Juri"]
[Result "1/2-1/2"]
[WhiteElo "2208"]
[BlackElo "2287"]
[PlyCount "28"]
[EventDate "2000.05.13"]
[EventType "swiss"]
[EventRounds "10"]
[EventCountry "CAN"]
[SourceTitle "CBM 076 Extra"]
[Source "ChessBase"]
[SourceDate "2000.07.11"]
[SourceVersion "1"]
[SourceVersionDate "2000.07.11"]
[SourceQuality "1"]

1. Nf3 Nf6 2. g3 g6 3. Bg2 Bg7 4. 0-0 0-0 5. d4 d6 6. b3 e5 7. dxe5 Ng4 8. Bb2 Nc6 9. c4 Ngxe5 10. Nc3 Nxf3+ 11. Bxf3 Bh3 12. Re1 Qd7 13. Qd2 Rae8 14. Nd5 Ne5 1/2-1/2

[Event "Pori op"]
[Site "Pori"]
[Date "2000.??.??"]
[Round "4"]
[White "Seeman, Tarvo"]
[Black "Vetemaa, Juri"]
[Result "1/2-1/2"]
[WhiteElo "2428"]
[BlackElo "2287"]
[PlyCount "20"]
[EventDate "2000.??.??"]
[EventType "swiss"]
[EventRounds "5"]
[EventCountry "FIN"]
[SourceTitle "EXT 2001"]
[Source "ChessBase"]
[SourceDate "2000.11.22"]
[SourceVersion "1"]
[SourceVersionDate "2000.11.22"]
[SourceQuality "1"]

1. Nf3 Nf6 2. g3 g6 3. Bg2 Bg7 4. 0-0 0-0 5. d4 d6 6. Re1 Nbd7 7. e4 e5 8. dxe5 dxe5 9. b3 b6 10. Bb2 Bb7 1/2-1/2

[Event "Kankaanpaa We KankSK op"]
[Site "Kankaanpaa"]
[Date "1999.??.??"]
[Round "3"]
[White "Kiik, Kalle"]
[Black "Vetemaa, Juri"]
[Result "1-0"]
[WhiteElo "2439"]
[BlackElo "2319"]
[PlyCount "41"]
[EventDate "1999.??.??"]
[EventType "swiss"]
[EventRounds "5"]
[EventCountry "FIN"]
[SourceTitle "EXT 2002"]
[Source "ChessBase"]
[SourceDate "2001.11.25"]
[SourceVersion "1"]
[SourceVersionDate "2001.11.25"]
[SourceQuality "1"]

1. e4 g6 2. d4 c6 3. c4 d6 4. Nc3 e5 5. dxe5 dxe5 6. Qxd8+ Kxd8 7. f4 Bh6 8. fxe5 Kc7 9. Nf3 Bxc1 10. Rxc1 Nh6 11. Be2 Be6 12. 0-0 Nd7 13. Nd5+ Kd8 14. h3 cxd5 15. cxd5 Bxh3 16. gxh3 Re8 17. Bb5 a6 18. Bxd7 Kxd7 19. Kf2 f6 20. e6+ Kd6 21. Nd2 1-0

[Event "Jarvenpaa op"]
[Site "Jarvenpaa"]
[Date "1999.??.??"]
[Round "2"]
[White "Kilpi, Teemu"]
[Black "Vetemaa, Juri"]
[Result "0-1"]
[WhiteElo "2144"]
[BlackElo "2319"]
[PlyCount "66"]
[EventDate "1999.??.??"]
[EventType "swiss"]
[EventRounds "5"]
[EventCountry "FIN"]
[SourceTitle "EXT 2000"]
[Source "ChessBase"]
[SourceDate "1999.11.16"]
[SourceVersion "1"]
[SourceVersionDate "1999.11.16"]
[SourceQuality "1"]

1. d4 Nf6 2. c4 c5 3. d5 b5 4. cxb5 a6 5. bxa6 Bxa6 6. Nc3 d6 7. f4 g6 8. Nf3 Bg7 9. e4 Bxf1 10. Rxf1 0-0 11. e5 Nfd7 12. Qe2 Nb6 13. e6 f5 14. Kf2 Na6 15. Rd1 Nc7 16. Kg1 Qc8 17. Be3 Qb7 18. Qd3 Bxc3 19. bxc3 Qxd5 20. Qc2 Qxe6 21. Re1 Qc4 22. Nd2 Qa4 23. Qd3 Nbd5 24. Nf3 Rfb8 25. Bd2 c4 26. Qf1 Rb2 27. Re2 Rxa2 28. Rae1 Qc2 29. Qf2 Qd3 30. h4 Ra1 31. h5 Nxc3 32. Rxe7 N7d5 33. Bxc3 Qxc3 0-1

[Event "Seinajoki We KyrSK"]
[Site "Seinajoki"]
[Date "1999.??.??"]
[Round "4"]
[White "Nyysti, Sampsa"]
[Black "Vetemaa, Juri"]
[Result "0-1"]
[WhiteElo "2178"]
[BlackElo "2319"]
[PlyCount "86"]
[EventDate "1999.??.??"]
[EventType "swiss"]
[EventRounds "5"]
[EventCountry "FIN"]
[SourceTitle "EXT 2000"]
[Source "ChessBase"]
[SourceDate "1999.11.16"]
[SourceVersion "1"]
[SourceVersionDate "1999.11.16"]
[SourceQuality "1"]

1. e4 g6 2. d4 c6 3. Be3 d5 4. e5 Nh6 5. Bd3 Nf5 6. Bxf5 Bxf5 7. Ne2 Na6 8. Ng3 e6 9. h4 c5 10. Nxf5 gxf5 11. Rh3 Qb6 12. b3 Rg8 13. Kf1 Rg4 14. f3 Rg8 15. f4 Rg4 16. Qd2 Rc8 17. Nc3 cxd4 18. Bxd4 Qa5 19. Rd1 Bb4 20. a4 Nc5 21. Qe3 Bxc3 22. Bxc3 Qa6+ 23. Kg1 Ne4 24. Rd3 Nxc3 25. Rxc3 Rxc3 26. Qxc3 Qb6+ 27. Kh2 Qc6 28. Qxc6+ bxc6 29. Rc3 Rxh4+ 30. Kg3 Rg4+ 31. Kf3 Kd7 32. Rc5 Kc7 33. b4 Kb6 34. a5+ Kb7 35. c4 dxc4 36. Rxc4 a6 37. g3 h5 38. Rd4 Kc7 39. Rd1 h4 40. gxh4 Rxh4 41. Kg3 Rh8 42. Rd4 Rh1 43. Rc4 Rd1 0-1

[Event "Turku op2"]
[Site "Turku"]
[Date "1999.??.??"]
[Round "4"]
[White "Seeman, Tarvo"]
[Black "Vetemaa, Juri"]
[Result "1-0"]
[WhiteElo "2403"]
[BlackElo "2321"]
[PlyCount "41"]
[EventDate "1999.??.??"]
[EventType "swiss"]
[EventRounds "5"]
[EventCountry "FIN"]
[SourceTitle "EXT 2001"]
[Source "ChessBase"]
[SourceDate "2000.11.22"]
[SourceVersion "1"]
[SourceVersionDate "2000.11.22"]
[SourceQuality "1"]

1. e4 e6 2. d4 b6 3. Nf3 Bb7 4. Bd3 d5 5. Nbd2 dxe4 6. Nxe4 Nd7 7. 0-0 Ngf6 8. Nxf6+ gxf6 9. Bf4 Bd6 10. Bg3 Qe7 11. Re1 0-0-0 12. Qe2 Kb8 13. Ba6 Ba8 14. a4 Rdg8 15. a5 h5 16. axb6 axb6 17. Bd3 f5 18. Bxf5 Nf6 19. Rxa8+ Kxa8 20. Qa6+ Kb8 21. Ra1 1-0

[Event "BEL-ch"]
[Site "Geel"]
[Date "1999.??.??"]
[Round "3"]
[White "Vetemaa, Juri"]
[Black "Van Beers, Eddy"]
[Result "0-1"]
[WhiteElo "2350"]
[BlackElo "2350"]
[PlyCount "106"]
[EventDate "1999.08.??"]
[EventType "swiss"]
[EventRounds "9"]
[EventCountry "BEL"]
[EventCategory "4"]
[SourceTitle "EXT 2008"]
[Source "ChessBase"]
[SourceDate "2007.11.25"]
[SourceVersion "1"]
[SourceVersionDate "2007.11.25"]
[SourceQuality "1"]

1. e4 c5 2. d3 Nc6 3. g3 g6 4. Bg2 Bg7 5. c3 d6 6. f4 e5 7. Nf3 Nge7 8. 0-0 0-0 9. Na3 Rb8 10. f5 gxf5 11. Nh4 f6 12. exf5 d5 13. Nc2 b5 14. d4 cxd4 15. cxd4 b4 16. b3 Ba6 17. Rf2 Qd7 18. a3 e4 19. Bf4 Rb7 20. Nxb4 Nxb4 21. axb4 Bd3 22. g4 Nc6 23. Be3 Rxb4 24. Ra4 Rxa4 25. bxa4 Rb8 26. Bf1 Rb1 27. Qd2 Nb4 28. Ng2 Qxa4 29. Nf4 Qd1 30. Nxd3 Qxd2 31. Rxd2 exd3 32. Kf2 Rb3 33. Bf4 Bf8 34. Bc7 Ra3 35. Bf4 Rb3 36. Bg2 a5 37. Bc7 Bh6 38. Rd1 Rb2+ 39. Kg3 a4 40. Ba5 d2 41. Bxb4 Rxb4 42. Bxd5+ Kf8 43. Bf3 Rxd4 44. Ra1 Bf4+ 45. Kf2 Be5 46. Ke3 Rd8 47. Rxa4 d1Q 48. Bxd1 Rxd1 49. Ra8+ Kg7 50. Ra7+ Kh6 51. h4 Rh1 52. g5+ fxg5 53. Ra6+ Kh5 0-1

[Event "BEL-ch"]
[Site "Liege"]
[Date "1998.??.??"]
[Round "3"]
[White "Cekro, Ekrem"]
[Black "Vetemaa, Juri"]
[Result "1/2-1/2"]
[WhiteElo "2380"]
[BlackElo "2325"]
[PlyCount "38"]
[EventDate "1998.??.??"]
[EventType "tourn"]
[EventRounds "9"]
[EventCountry "BEL"]
[SourceTitle "EXT 2000"]
[Source "ChessBase"]
[SourceDate "1999.11.16"]
[SourceVersion "1"]
[SourceVersionDate "1999.11.16"]
[SourceQuality "1"]

1. c4 e5 2. Nc3 Nc6 3. g3 g6 4. Bg2 Bg7 5. e3 d6 6. Nge2 Be6 7. d4 Bxc4 8. d5 Bxe2 9. Qxe2 Nb8 10. Qb5+ Nd7 11. Qxb7 Qb8 12. Qc6 Ne7 13. Qa4 a5 14. 0-0 Qb4 15. e4 f5 16. f3 h5 17. Be3 Bh6 18. Bf2 Qxa4 19. Nxa4 0-0 1/2-1/2